000 00720nam a22002057a 4500
005 20161109104548.0
010 _aENG-116483
020 _c995.00
_a9780199460892
020 _c995.00
_a0199460892
035 _aEN-100015
037 _bDBAD/PUB
082 _a280.66
100 _aNag,Sajal
245 _aThe uprising :
_cby Sajal Nag
_bcolonial state, Christian missionaries, and anti-slavery movement in North-East India (1908-1954) /
260 _aNew Delhi
_bOxford University Press
_c2016
270 _aYMCA Library Building, 1 Jai Singh Road,
_bNew Delhi
_e110001
300 _axl,404p.
_c23cm(Hb)
500 _a Includes bibliographical reference and index
942 _2ddc
_cEN
_mNAG
_h280.66
999 _c104539
_d104539